| 000 | 00489nam a22001697a 4500 | ||
|---|---|---|---|
| 003 | PILC | ||
| 005 | 20150112093425.0 | ||
| 008 | 130214t xxu||||| |||| 00| 0 eng d | ||
| 020 | _a9711002094 | ||
| 050 |
_aHF 5549.2.P45 _b.An561 1985 |
||
| 082 |
_aSFf 658.3 _bAn2 1985 |
||
| 100 |
_aAndres, Tomas D. _911819 |
||
| 245 |
_aManagement by Filipino values / _cTomas D. Andres |
||
| 260 |
_aQuezon City _bNew Day _c1985. |
||
| 300 |
_a276 pages : _c23 cm _billustration ; |
||
| 942 |
_2lcc _cBK |
||
| 999 |
_c14176 _d14176 |
||